| 000 | 00495nam a2200181Ia 4500 | ||
|---|---|---|---|
| 008 | 240729s9999 xx 000 0 und d | ||
| 245 | 0 | _aCentral Bank Review | |
| 260 | _aNetherlands | ||
| 260 | _bElsevier | ||
| 650 | _a Banking | Social Sciences | ||
| 650 | _a Economic theory. Demography | ||
| 650 | _a Economics as a science | ||
| 650 | _a Finance | ||
| 650 | _aSocial Sciences | ||
| 856 | _uhttps://doaj.org/toc/c9b12675083e4a129ef0f76d8dbde723 | ||
| 942 | _2ddc | ||
| 942 | _cDOAJEJ | ||
| 999 |
_c71366 _d71366 |
||
| 945 |
_a1 _bMadushi Gamage _c1 _dMadushi Gamage |
||